Giáo trình Sinh thái học Người

Guardat en:
Dades bibliogràfiques
Autor principal:  Nguyễn Hữu Nhân
Format: Sách
Idioma:Undetermined
Publicat:  Giáo dục Việt Nam  2011
Matèries:
Etiquetes: Afegir etiqueta
Sense etiquetes, Sigues el primer a etiquetar aquest registre!
Thư viện lưu trữ: Trung tâm Thư viện - Trường Đại học Công nghiệp TP. Hồ Chí Minh
LEADER 00517nam a2200157Ia 4500
001 UIH_03529
008 231011s9999 xx 000 0 und d
082 |a  577.88 
100 |a  Nguyễn Hữu Nhân 
245 0 |a  Giáo trình Sinh thái học Người 
245 0 |c  Nguyễn Hữu Nhân 
260 |b  Giáo dục Việt Nam 
260 |c  2011 
650 |a  Sinh thái học;  
927 |a Sách 
980 |a Trung tâm Thư viện - Trường Đại học Công nghiệp TP. Hồ Chí Minh